00483nam 22001573 4500001000700000100004100007200005200048210003800100215003500138225002400173606002200197675002500219700003400244801001800278830002900296202816 a20260630d u||y0pory50 ba aA cantora carecaeanti-peçafEugéne Ionesco aLisboa cContrapontod[D.L. 1959] a46 p., [1] f.cbrochadod17 cm aTeatro no bolso v8 aLiteratura Romena a821.135.1-1vPTzpor aIonescobEugène f1909-1994 aPTbBMMNgRPC cAna FalardofAna Falardo